Statistics for Random American brands quiz

Click here to take the quiz!

General Stats

  • This quiz has been taken 48 times
    (34 since last reset)
  • The average score is 13 of 29

Answer Stats

HintAnswer% Correct
SodaCoca Cola|Coke|Diet Coke|Dr. Pepper|Diet Dr. Pepper|Pepsi|Diet Pepsi|Seven Up|7up|Diet Seven Up|Diet 7up
92%
CarsChevrolet|Chevy|Chrysler|Ford
88%
AirlinesAlaska|American|Delta|Jetblue|Southwest|Spirit|United
83%
Big box storesCostco|Sam's Club|Target|Walmart
83%
DollsBarbie
79%
RestaurantsBaskin Robbins|Burger King|Church's|Cold Stone|Culver's|Del Taco|Denny's|El Pollo Loco|Jack in the Box|KFC|McDonald's|Pizza Hut|Popeyes|Red Robin|Subway|Wendy's
79%
BeerBudweiser|Coors|Michelob|Miller|Milwaukee's Best|Pabst|Old Milwaukee
63%
Farm equipmentCat|International Harvester|John Deere
50%
TiresGoodyear
50%
Video game storesGamestop
46%
Supermarket chainAlbertson's|Basha's|Fry's|Hyvee|Harris Teeter|Kroger|Meijer|Publix|Safeway|Von's
42%
Car or truck rentalAvis|Budget|Dollar|Enterprise|Hertz|UHaul
42%
Make-upAvon|Cover Girl|Lancome|Loreal|Maybelline|Max Factor
42%
Die cast carsHot Wheels
42%
X-rated magazinesHustler|Playboy|Penthouse
42%
Cargo airlinesABX|Ameriflight|Amerijet|Ameristar|Atlas Air|Federal Express|Fed Ex|IBC|Kalitta Air|Martinaire|Northern Air Cargo|Polar|Southern Air|United Parcel Service|UPS|Western Global
38%
Hardware storesAce|Harbor Freight|Northern Tool|True Value
38%
Bathroom tissueCharmin|Scott's
38%
TrucksKenworth|Mack|Peterbilt|White
38%
Cold vaporubVick's
38%
Department storesDillard's|JC Penney's|Macy's|Sears
33%
CandyAirheads|Charm's|Hot Tamales|Jelly Belly|Klondike|Mr. Goodbar|Snickers|Tic Tac|Trident|Twix
29%
Gas stationsArco|Exxon|Gulf|Marathon|Mobil|Sinclair|Texaco|Valero
29%
LingerieEBY|J|Her Room
29%
ToysMattel
29%
Auto PartsAdvance Auto Parts|Auto Zone|O Reilly's
25%
Crazy people and teen oriented storesHot Topic|Spencer's|Van's
21%
Boxing promoting companiesDon King Productions|Golden Boy|PBC|Top Rank
4%
UtilitiesWaste Management
4%

Score Distribution

Percentile by Number Answered

Percent of People with Each Score

Your Score History

You have not taken this quiz since the last reset